Kontrola režijných nákladov ako súčasť podnikového controllingu

Kontrola plnenia rozpočtu režijných nákladov spočívajúca v porovnaní rozpočtovaných režijných nákladov so skutočnými režijnými nákladmi. Sledovanie odchýlok skutočnosti od plánu a rozpočtov, ktoré majú výnimočný charakter. Metódy výpočtu odchýlok od konkrétneho rozpočtu. Cenové a objemové odchýlky....

Full description

Saved in:
Bibliographic Details
Main Author: Šagátová, Slavka, 1975-
Format: Book Chapter
Language:Slovak
Subjects:
Tags: Add Tag
No Tags, Be the first to tag this record!

MARC

LEADER 00000naa$a2200000$$$4500
001 0050767
005 20240502071603.2
041 0 |a slo 
044 |a SK 
245 1 0 |a Kontrola režijných nákladov ako súčasť podnikového controllingu  |c Slávka Šagátová 
520 |a Kontrola plnenia rozpočtu režijných nákladov spočívajúca v porovnaní rozpočtovaných režijných nákladov so skutočnými režijnými nákladmi. Sledovanie odchýlok skutočnosti od plánu a rozpočtov, ktoré majú výnimočný charakter. Metódy výpočtu odchýlok od konkrétneho rozpočtu. Cenové a objemové odchýlky. Stanovenie budúceho vývoja režijných nákladov. 
610 2 0 |a kontroling finančný 
610 2 0 |a náklady režijné 
610 2 0 |a náklady fixné 
610 2 0 |a kalkulácia 
610 2 0 |a rozpočet nákladov 
610 2 0 |a plán 
610 2 0 |a objem výroby 
610 2 0 |a spotreba 
610 2 0 |a ceny 
100 1 |a Šagátová, Slavka, 1975-